अक्कलकऱ्याची फुले (Record no. 53800)

MARC details
000 -LEADER
fixed length control field 00602nam a2200181Ia 4500
008 - FIXED-LENGTH DATA ELEMENTS--GENERAL INFORMATION
fixed length control field 090123s9999 xx 000 0 und d
082 ## - DEWEY DECIMAL CLASSIFICATION NUMBER
Item number 15743
100 ## - MAIN ENTRY--PERSONAL NAME
Personal name जोंधळे महावीर
245 ## - TITLE STATEMENT
Title अक्कलकऱ्याची फुले
250 ## - EDITION STATEMENT
Edition statement 1
260 ## - PUBLICATION, DISTRIBUTION, ETC. (IMPRINT)
Name of publisher, distributor, etc परिमल प्रकाशन
300 ## - PHYSICAL DESCRIPTION
Extent 72
600 ## - SUBJECT ADDED ENTRY--PERSONAL NAME
Personal name जोंधळे महावीर
630 ## - SUBJECT ADDED ENTRY--UNIFORM TITLE
Uniform title अक्कलकऱ्याची फुले
700 ## - ADDED ENTRY--PERSONAL NAME
Personal name जोंधळे महावीर
730 ## - ADDED ENTRY--UNIFORM TITLE
Uniform title अक्कलकऱ्याची फुले
942 ## - ADDED ENTRY ELEMENTS (KOHA)
Koha item type Book
Holdings
Withdrawn status Lost status Damaged status Not for loan Home library Current library Date acquired Cost, normal purchase price Total Checkouts Full call number Barcode Date last seen Cost, replacement price Price effective from Koha item type
        Jawahar Wachalanalaya, Kalwa Jawahar Wachalanalaya, Kalwa 03/31/2002 15.00   15743 KLW-15743 01/23/2009 15.00 01/23/2009 Book